Maailman 100 suurinta kaupunkia kartalla - Statistics

Yleistilastot
  • Tätä visaa on pelattu 3 758 kertaa
    2 209 viimeisimmän päivityksen jälkeen
  • Keskiarvotulos 41 / 100
Vastaukset kartalla
Vastauksille on annettu kartalla punavihreä väri sen mukaan, kuinka moni on saanut sen oikein.
 
Vastaustilastot
Väkiluku Kaupunki % Oikein
14,9 milj. Lontoo
96%
19,1 milj. Moskova
96%
22,0 milj. New York
94%
11,5 milj. Pariisi
94%
6,65 milj. Madrid
92%
6,50 milj. Pietari
92%
41,0 milj. Tokio
92%
17,2 milj. Los Angeles
85%
25,1 milj. México
84%
21,2 milj. Peking
80%
15,9 milj. Istanbul
78%
34,6 milj. Delhi
77%
22,5 milj. Kairo
77%
6,10 milj. Milano
75%
12,5 milj. Rio de Janeiro
75%
6,30 milj. Miami
74%
40,8 milj. Shanghai / Suzhou
71%
21,2 milj. Bangkok
67%
11,8 milj. Lima
67%
16,7 milj. Buenos Aires
65%
8,55 milj. Washington / Baltimore
65%
27,1 milj. Mumbai
64%
5,95 milj. Dubai
62%
9,65 milj. Chicago
61%
29,2 milj. Jakarta
61%
25,1 milj. Soul
60%
27,2 milj. Manila
57%
7,85 milj. Singapore
56%
7,25 milj. Hongkong
55%
17,7 milj. Osaka
55%
7,45 milj. San Francisco
55%
10,4 milj. Bogotá
54%
7,65 milj. Dallas
54%
22,1 milj. São Paulo
54%
16,5 milj. Teheran
53%
7,70 milj. Boston
51%
14,6 milj. Johannesburg
51%
8,25 milj. Santiago
51%
7,05 milj. Houston
50%
7,50 milj. Riad
50%
7,65 milj. Bagdad
49%
6,70 milj. Nairobi
49%
7,70 milj. Toronto
47%
7,15 milj. Hanoi
46%
9,30 milj. Kuala Lumpur
44%
20,7 milj. Lagos
44%
7,50 milj. Philadelphia
44%
6,20 milj. Aleksandria
41%
5,75 milj. Detroit
41%
6,10 milj. Atlanta
40%
17,7 milj. Kalkutta
40%
22,5 milj. Dhaka
39%
13,9 milj. Ho Chi Minh
37%
70,1 milj. Kanton / Shenzhen
37%
6,00 milj. Amman
35%
12,2 milj. Wuhan
35%
15,6 milj. Kinshasa
33%
9,95 milj. Taipei
33%
6,60 milj. Accra
29%
9,35 milj. Luanda
29%
6,25 milj. Dar es Salaam
28%
20,9 milj. Karachi
28%
7,05 milj. Khartum
28%
12,8 milj. Xi'an
26%
12,6 milj. Chennai
23%
14,5 milj. Lahore
23%
5,85 milj. Guadalajara
22%
10,5 milj. Nagoya
21%
5,45 milj. Bamako
20%
14,2 milj. Bangalore
20%
6,00 milj. Monterrey
20%
9,60 milj. Ahmedabad
19%
11,4 milj. Hyderabad
18%
17,3 milj. Chengdu
17%
9,30 milj. Nanjing
16%
14,9 milj. Xiamen
16%
10,9 milj. Chongqing
15%
11,5 milj. Tianjin
15%
6,15 milj. Yangon
15%
6,80 milj. Abidjan
14%
5,20 milj. Kano
14%
7,75 milj. Pune
12%
5,45 milj. Harbin
11%
5,90 milj. Surabaya
11%
13,9 milj. Hangzhou
10%
6,95 milj. Bandung
9%
5,30 milj. Nanning
9%
7,75 milj. Surat
9%
11,0 milj. Changsha
8%
5,30 milj. Dalian
8%
7,45 milj. Qingdao
8%
9,80 milj. Zhengzhou
8%
7,80 milj. Hefei
7%
6,50 milj. Kunming
7%
8,70 milj. Shenyang
7%
6,55 milj. Jinan
6%
7,30 milj. Ningbo
6%
8,00 milj. Shantou
6%
6,20 milj. Shijiazhuang
5%
5,95 milj. Taiyuan
5%
Ehtoja vastaavia visoja ei löytynyt
Tulosjakauma
Jokaisen tuloksen saaneiden osuus
Persentiili vastausten määrän mukaan
Tuloshistoriasi
Et ole pelannut tätä visaa sen viimeisimmän päivityksen jälkeen